| 000 | 00482nam a2200181Ia 4500 | ||
|---|---|---|---|
| 005 | 20250317123258.0 | ||
| 008 | 008 250317s9999 xx 000 0 eng d | ||
| 037 | _aTextbook | ||
| 040 |
_aFMSL _beng _cFMSL |
||
| 041 |
_aeng _2eng |
||
| 084 |
_aB28 L1 _qFMSL |
||
| 100 | _aEdwards A L | ||
| 245 | 0 | _aProbability and statistics | |
| 260 |
_aNY Holt _bNY Holt, Rinehart _c1971 |
||
| 300 | _a257p | ||
| 942 |
_cTB _hB28 L1 |
||
| 999 |
_c1250620 _d1250620 |
||